Sản nghiệp. Tập 1 =The fortune

Đã lưu trong:
Sonraí Bibleagrafaíochta
Formáid: Leabhar
Teanga:Vietnamese
Foilsithe: Văn Học 1994
Ábhair:
Clibeanna: Cuir Clib Leis
Gan Chlibeanna, Bí ar an gcéad duine leis an taifead seo a chlibeáil!
Thư viện lưu trữ: Mạng thư viện Đại học Đà Nẵng
LEADER 00966nam a2200301 a 4500
001 000003595
003 00475
005 20171229145311.0
008 171229s1994 vie
040 |a LSK 
041 0 |a VIE 
082 0 |a 813  |b KO-M 
245 0 0 |a Sản nghiệp. Tập 1 =The fortune  |c Michael Korda; Nguyễn Đức Lân dịch 
260 |b Văn Học  |c 1994 
300 |a 305 pages  |c 19 cm. 
653 |a Văn học - Mỹ - Tiểu thuyết 
852 |a Phòng Đọc 
901 |a 1 
927 |a Sách tham khảo 
OWN |a LSK 
AVA |a UDN50  |b LSK  |d 813 KO-M  |e available  |t Error 5001 Not defined in file expand_doc_bib_avail.  |f 1  |g 0  |h N  |i 0  |k 1 
999 |a From the UDN01 
AVA |a UDN50  |b LSK  |d 813 KO-M  |e available  |t Error 5001 Not defined in file expand_doc_bib_avail.  |f 1  |g 0  |h N  |i 0  |k 1 
TYP |a Monograph 
TYP |a Printed language 
980 |a Mạng thư viện Đại học Đà Nẵng